Multilateral diplomancy and the NPT (Record no. 51764)

MARC details
000 -LEADER
fixed length control field 00739nam a2200193 a 4500
008 - FIXED-LENGTH DATA ELEMENTS--GENERAL INFORMATION
fixed length control field 060815s2005 ||||||||||||||||| || u
020 ## - INTERNATIONAL STANDARD BOOK NUMBER
International Standard Book Number 929045170X
050 ## - LIBRARY OF CONGRESS CALL NUMBER
Classification number UNIDIR902)2005/9
100 ## - MAIN ENTRY--PERSONAL NAME
Personal name Dhanapala, Jayantha
245 10 - TITLE STATEMENT
Title Multilateral diplomancy and the NPT
246 ## - VARYING FORM OF TITLE
Title proper/short title an insider's account
260 ## - PUBLICATION, DISTRIBUTION, ETC.
Place of publication, distribution, etc. Geneva
Name of publisher, distributor, etc. United Nations Institute for Disarmament Research [UNIDIR]
Date of publication, distribution, etc. 2005
350 ## - PRICE (NR) (BK AM CF MU VM SE) [OBSOLETE]
Price 0.00
650 ## - SUBJECT ADDED ENTRY--TOPICAL TERM
Topical term or geographic name entry element POLITICS
650 ## - SUBJECT ADDED ENTRY--TOPICAL TERM
Topical term or geographic name entry element DIPLOMACY
700 ## - ADDED ENTRY--PERSONAL NAME
Personal name Rydell, Randy
710 ## - ADDED ENTRY--CORPORATE NAME
Corporate name or jurisdiction name as entry element United Nations Institute for Disarmament Research (UNIDIR)
995 ## - RECOMMENDATION 995 [LOCAL, UNIMARC FRANCE]
-- 0.00
-- CBU-MAIN LIBRARY (Kitwe)
-- 1
-- 0.00
-- 1
-- AVAILABLE
-- Aug 15, 2006
-- International Publications
Holdings
Withdrawn status Lost status Source of classification or shelving scheme Damaged status Not for loan Home library Current library Shelving location Date acquired Total Checkouts Full call number Barcode Date last seen Price effective from Koha item type
          CBU-MAIN LIBRARY, KITWE. CBU-MAIN LIBRARY, KITWE.   11/30/2022   UNIDIR902)2005/9 Z03000917 11/30/2022 11/30/2022 MONOGRAPH